Welcome to CU Library Online Public Access Catalogue (OPAC)

Paperback Oxford dictionary and thesaurus / (Record no. 345)

MARC details
000 -LEADER
fixed length control field 01026cam a22002534a 4500
001 - CONTROL NUMBER
control field 14643678
003 - CONTROL NUMBER IDENTIFIER
control field OSt
005 - DATE AND TIME OF LATEST TRANSACTION
control field 20241029173107.0
008 - FIXED-LENGTH DATA ELEMENTS--GENERAL INFORMATION
fixed length control field 061122s2007 enk d 000 0 eng
020 ## - INTERNATIONAL STANDARD BOOK NUMBER
International Standard Book Number 9780199215140 (pbk.)
040 ## -
-- Central University Library
050 00 - LIBRARY OF CONGRESS CALL NUMBER
Classification number PE1628
Item number .O945 2007
245 00 - TITLE STATEMENT
Title Paperback Oxford dictionary and thesaurus /
Statement of responsibility, etc. edited by Sara Hawker, Maurice Waite.
250 ## - EDITION STATEMENT
Edition statement 2nd ed.
260 ## - PUBLICATION, DISTRIBUTION, ETC.
Place of publication, distribution, etc. Oxford ;
-- New York :
Name of publisher, distributor, etc. Oxford University Press,
Date of publication, distribution, etc. 2007.
300 ## - PHYSICAL DESCRIPTION
Extent 1060 p. ;
Dimensions 20 cm.
500 ## - GENERAL NOTE
General note Rev. ed. of: Oxford paperback dictionary, thesaurus, and wordpower guide / dictionary editor, Catherine Soanes ; thesaurus editor, Alan Spooner ; project editor, Sara Hawker, 1st ed., 2001.
650 #0 - SUBJECT ADDED ENTRY--TOPICAL TERM
Topical term or geographic name entry element English language
Form subdivision Dictionaries.
650 #0 - SUBJECT ADDED ENTRY--TOPICAL TERM
Topical term or geographic name entry element English language
General subdivision Synonyms and antonyms
Form subdivision Dictionaries.
700 1# - ADDED ENTRY--PERSONAL NAME
Personal name Hawker, Sara.
700 1# - ADDED ENTRY--PERSONAL NAME
Personal name Waite, Maurice.
856 41 - ELECTRONIC LOCATION AND ACCESS
Materials specified Table of contents only
Uniform Resource Identifier <a href="http://www.loc.gov/catdir/toc/ecip075/2006039216.html">http://www.loc.gov/catdir/toc/ecip075/2006039216.html</a>
942 ## - ADDED ENTRY ELEMENTS (KOHA)
Source of classification or shelving scheme Library of Congress Classification
Koha item type Reference
Edition 2nd
Suppress in OPAC No
999 ## -
-- 345
-- 345
Holdings
Withdrawn status Lost status Source of classification or shelving scheme Damaged status Not for loan Collection Home library Current library Shelving location Date acquired Total checkouts Full call number Barcode Date last seen Copy number Price effective from Koha item type
    Library of Congress Classification     Non-fiction Graduate Library (Christ Temple) Graduate Library (Christ Temple) Reference 01/24/2025   REF PE 1628 OXF GSCT00000333 01/24/2025 1 01/24/2025 Reference
    Library of Congress Classification     Non-fiction Graduate Library (Christ Temple) Graduate Library (Christ Temple) Reference 01/24/2025   REF PE 1628 OXF GSCT00000334 01/24/2025 2 01/24/2025 Reference
    Library of Congress Classification     Non-fiction Law Library (Miotso) Law Library (Miotso) Reference 10/29/2024   REF PE1628 OXF llm00000310 10/29/2024 1 10/29/2024 Books
© 2023-2024 Copyright: Central University Libraries. All Rights Reserved | Created by: Mahone Tech Office